Estatísticas para Cultura Geral

Clique aqui para jogar o quiz

Estatísticas Gerais

  • Esse quiz foi jogado 25 vezes
  • A pontuação média é 6 de 15

Estatísticas das Respostas

HintResposta% Correto
Que líder notório tinha um bigode de estilo semelhante ao de Charlie Chaplin?Adolf Hitler
100%
O que ultrapassou o Internet Explorer para se tornar o navegador mais popular do mundo em 2012?Chrome
79%
Qual é o único país do mundo que tem um imperador?Japão
79%
Quem seguiu um coelho branco por um buraco?Alice
68%
O que é uma peça de xadrez e um líder religioso?Bispo
68%
Quem foi o primeiro europeu a chegar à Índia por mar?Vasco da Gama
68%
Que ruínas da cidade inca eram desconhecidas do mundo exterior até 1911?Machu Picchu
53%
Que compositor morreu enquanto compunha um Requiem em 1791?Mozart
47%
Qual país é a fonte número 1 de refugiados que vivem em outros países, a partir de 2019?Síria
42%
Que grupo, estabelecido após a Primeira Guerra Mundial, foi um antecessor fracassado das Nações Unidas?Liga das nações
32%
Qual musical apresenta a música "Defying Gravity"?Wicked
5%
Que desporto é jogado no Oval?Críquete
0%
Que unidade de tempo é 1/1000 de um microssegundo?Nanossegundo
0%
Qual é o condado mais oriental do Reino Unido?Suffolk
0%
Que nação foi liderada por Ho Chi Minh?Vietnã do Norte
0%

Distribuição das Pontuações

Percentil de Números Respondidos

Porcentagem de Pessoas com Cada Pontuação

Sua Pontuação Histórica

Você não jogou esse quiz